|
|
|
|
| LEADER |
01864nam a2200481 i 4500 |
| 001 |
nkc20172905190 |
| 003 |
CZ PrNK |
| 005 |
20221109115247.0 |
| 007 |
ta |
| 008 |
170627s2017 xr a e p 001 0 cze |
| 015 |
|
|
|a cnb002905190
|
| 020 |
|
|
|a 978-80-88168-19-5
|q (brožováno)
|
| 035 |
|
|
|a (OCoLC)1000492240
|
| 040 |
|
|
|a OLA001
|b cze
|e rda
|
| 072 |
|
7 |
|a 004.4/.6
|x Programování. Software
|2 Konspekt
|9 23
|
| 072 |
|
7 |
|a 37.016
|x Učební osnovy. Vyučovací předměty. Učebnice
|2 Konspekt
|9 22
|
| 080 |
|
|
|a 004.421
|2 MRF
|
| 080 |
|
|
|a (075)
|2 MRF
|
| 100 |
1 |
|
|a Mareš, Martin,
|d 1976-
|7 mzk2007401205
|4 aut
|
| 245 |
1 |
0 |
|a Průvodce labyrintem algoritmů /
|c Martin Mareš, Tomáš Valla
|
| 250 |
|
|
|a 1. vydání
|
| 264 |
|
1 |
|a Praha :
|b CZ.NIC, z.s.p.o.,
|c 2017
|
| 300 |
|
|
|a 486 stran :
|b ilustrace ;
|c 25 cm
|
| 336 |
|
|
|a text
|b txt
|2 rdacontent
|
| 337 |
|
|
|a bez média
|b n
|2 rdamedia
|
| 338 |
|
|
|a svazek
|b nc
|2 rdacarrier
|
| 490 |
1 |
|
|a CZ.NIC ;
|v 15. publikace
|
| 504 |
|
|
|a Obsahuje bibliografii a rejstřík
|
| 650 |
0 |
7 |
|a algoritmy (programování)
|7 ph131788
|2 czenas
|
| 650 |
0 |
7 |
|a algoritmy (programování)
|7 ph131788
|x úlohy
|2 czenas
|
| 650 |
0 |
9 |
|a computer algorithms
|2 eczenas
|
| 650 |
0 |
9 |
|a computer algorithms
|x problems, exercises, etc.
|2 eczenas
|
| 655 |
|
7 |
|a učebnice
|7 fd133770
|2 czenas
|
| 655 |
|
9 |
|a textbooks
|2 eczenas
|
| 700 |
1 |
|
|a Valla, Tomáš
|7 osa2017958554
|4 aut
|
| 856 |
4 |
1 |
|u http://www.digitalniknihovna.cz/mzk/view/uuid:c62efbbd-e77c-4b11-997c-aa7bd563f130
|y Digitalizovaný dokument
|z pdf
|
| 830 |
|
0 |
|a CZ.NIC
|0 s
|
| 910 |
2 |
|
|a BOA001
|b 2-1392.417
|
| 990 |
|
|
|a BK
|
| 995 |
|
|
|a 01
|
| 991 |
|
|
|b 201707
|c NOV
|
| 996 |
6 |
|
|b 2610714300
|c 2-1392.417
|l MZK
|r Sklad / do 1 hodiny
|n 2
|p p.v.
|w 001620308
|u 000010
|a 1
|e BOA001
|j MZK50
|s P
|
| 996 |
7 |
|
|b 2610717167
|c 2-1392.417
|l Vol.výběr
|r VV 0p
|n 22
|p kup
|h 004.4 MAR
|w 001620308
|u 000020
|a 0
|e BOA001
|j MZK50
|s A
|